[Event "Vecindario Montalvo Memorial 16th"]
[Site "Vecindario"]
[Date "2024.03.29"]
[Round "7"]
[White "Matos Guedes, Silverio"]
[Black "Rossello Padron, Carlos Eduardo"]
[Result "0-1"]
[WhiteElo "1675"]
[BlackElo "1792"]
[PlyCount "46"]
[EventDate "2024.03.23"]
[EventType "swiss"]
[EventRounds "9"]
[EventCountry "ESP"]
[SourceTitle "CB15_2024"]
[SourceDate "2024.04.10"]
[SourceVersion "1"]
[SourceVersionDate "2024.04.10"]
[SourceQuality "1"]

1. e4 c5 2. Nf3 d6 3. Nc3 Nf6 4. d4 cxd4 5. Nxd4 a6 6. Bd3 g6 7. Nd5 Nxd5 8. exd5 Qa5+ 9. Bd2 Qxd5 10. 0-0 Qxd4 11. Bc3 Qb6 12. Bxh8 f6 13. Re1 Nd7 14. Qf3 Ne5 15. Rxe5 dxe5 16. Rd1 Bd7 17. Qg3 0-0-0 18. Qh4 Bb5 19. c4 Rd4 20. Qxh7 Bxc4 21. Qh3+ Kb8 22. b3 Be6 23. Qf3 Bg4 0-1

[Event "Vecindario Montalvo Memorial 16th"]
[Site "Vecindario"]
[Date "2024.03.23"]
[Round "1"]
[White "Martinez Gonzalez, Miguel A"]
[Black "Matos Guedes, Silverio"]
[Result "1-0"]
[WhiteElo "2138"]
[BlackElo "1675"]
[PlyCount "46"]
[EventDate "2024.03.23"]
[EventType "swiss"]
[EventRounds "9"]
[EventCountry "ESP"]
[SourceTitle "CB15_2024"]
[SourceDate "2024.04.10"]
[SourceVersion "1"]
[SourceVersionDate "2024.04.10"]
[SourceQuality "1"]

1. e4 e5 2. Nf3 Nc6 3. Bb5 Bc5 4. c3 d6 5. d4 exd4 6. cxd4 Bb4+ 7. Nc3 Bd7 8. 0-0 Nge7 9. Bg5 h6 10. Bh4 Bxc3 11. bxc3 g5 12. Bg3 a6 13. Bc4 Bg4 14. Qb3 0-0 15. Bd3 d5 16. Ne5 Nxe5 17. Bxe5 f6 18. Bg3 Kg7 19. Qxb7 dxe4 20. Bxe4 Rc8 21. Rfe1 c6 22. Bf3 Bd7 23. Bd6 Re8 1-0

[Event "Vecindario Montalvo Memorial 15th"]
[Site "Vecindario"]
[Date "2023.04.07"]
[Round "7"]
[White "Segura Acosta, Rafael"]
[Black "Matos Guedes, Silverio"]
[Result "1/2-1/2"]
[WhiteElo "1212"]
[BlackElo "1478"]
[PlyCount "130"]
[EventDate "2023.04.02"]
[EventType "swiss"]
[EventRounds "9"]
[EventCountry "ESP"]
[SourceTitle "CBM 213 Extra"]
[Source "ChessBase"]
[SourceDate "2023.05.31"]
[SourceVersion "1"]
[SourceVersionDate "2023.05.31"]
[SourceQuality "1"]

1. c4 e5 2. Nc3 Nf6 3. g3 d5 4. cxd5 Nxd5 5. Bg2 Nxc3 6. bxc3 Bd6 7. Nf3 Nc6 8. 0-0 Bg4 9. d4 exd4 10. cxd4 0-0 11. Bg5 Qd7 12. Rb1 Rab8 13. Re1 Qf5 14. d5 Ne5 15. Nxe5 Bxe5 16. Qc1 Bd4 17. Be3 Bxe3 18. Qxe3 Bh3 19. Bh1 Rfe8 20. Qxa7 Ra8 21. Qxb7 Rxa2 22. Rb2 Raa8 23. e4 Qe5 24. Bg2 Bxg2 25. Kxg2 h6 26. Ree2 Ra4 27. Rb4 Ra1 28. Rc4 Qh5 29. f3 Ra3 30. Rf2 Qe5 31. Qxc7 Qa1 32. Qc5 Ra2 33. d6 Rxf2+ 34. Qxf2 Rd8 35. Qd2 Kh7 36. Rc7 Qe5 37. Qd5 Qxd5 38. exd5 Rxd6 39. Rxf7 Rxd5 40. Kh3 Kg6 41. Rf8 Rh5+ 42. Kg2 Rb5 43. g4 h5 44. h3 hxg4 45. hxg4 Rb2+ 46. Kg3 Rb3 47. Kh4 Kh7 48. f4 g6 49. Kg5 Kg7 50. Rf6 Rb5+ 51. f5 gxf5 52. gxf5 Rb1 53. Rg6+ Kf7 54. Kf4 Rf1+ 55. Ke5 Re1+ 56. Kd4 Rf1 57. Ke4 Re1+ 58. Kd3 Rf1 59. Ke4 Re1+ 60. Kf4 Rf1+ 61. Kg5 Rg1+ 62. Kh6 Rh1+ 63. Kg5 Rg1+ 64. Kf4 Rxg6 65. fxg6+ Kxg6 1/2-1/2

[Event "Gran Canaria U1900 op"]
[Site "Gran Canaria"]
[Date "2023.01.04"]
[Round "7"]
[White "Matos Guedes, Silverio"]
[Black "Garcia Cruz, Jose Manuel"]
[Result "1-0"]
[WhiteElo "1408"]
[BlackElo "1309"]
[PlyCount "63"]
[EventDate "2022.12.27"]
[EventType "swiss"]
[EventRounds "7"]
[EventCountry "ESP"]
[SourceTitle "CBM 212 Extra"]
[Source "ChessBase"]
[SourceDate "2023.03.31"]
[SourceVersion "1"]
[SourceVersionDate "2023.03.31"]
[SourceQuality "1"]

1. e4 d5 2. exd5 Qxd5 3. Nc3 Qa5 4. d4 c6 5. Bd2 Qd8 6. Nf3 Bg4 7. Be2 Bxf3 8. Bxf3 Qxd4 9. 0-0 Nf6 10. Qe2 e6 11. Rad1 Qb6 12. b3 Be7 13. Bg5 h6 14. Bh4 Qc7 15. Bg3 Qc8 16. Ne4 Nxe4 17. Qxe4 Nd7 18. Qd4 Nf6 19. Bd6 c5 20. Qa4+ Nd7 21. Bxe7 Kxe7 22. Qh4+ Nf6 23. Qg3 Kf8 24. Rd2 Qb8 25. Qh4 g5 26. Qc4 Kg7 27. Rfd1 Qc7 28. b4 Rad8 29. bxc5 Rxd2 30. Rxd2 b6 31. c6 Rd8 32. Rxd8 1-0

[Event "Gran Canaria U1900 op"]
[Site "Gran Canaria"]
[Date "2022.12.27"]
[Round "1"]
[White "Matos Guedes, Silverio"]
[Black "Alba Santana, Cayetano"]
[Result "0-1"]
[WhiteElo "1408"]
[BlackElo "1800"]
[PlyCount "84"]
[EventDate "2022.12.27"]
[EventType "swiss"]
[EventRounds "7"]
[EventCountry "ESP"]
[SourceTitle "CBM 212 Extra"]
[Source "ChessBase"]
[SourceDate "2023.03.31"]
[SourceVersion "1"]
[SourceVersionDate "2023.03.31"]
[SourceQuality "1"]

1. e4 c5 2. Nf3 e6 3. d4 cxd4 4. Nxd4 Nf6 5. Nc3 d6 6. Bb5+ Nbd7 7. Bg5 a6 8. Ba4 Be7 9. 0-0 0-0 10. Qe2 Re8 11. e5 dxe5 12. Bxd7 Nxd7 13. Bxe7 Qxe7 14. Nf3 f6 15. Rad1 b5 16. Ne4 Nb6 17. Nd6 Rd8 18. Nxc8 Raxc8 19. Rxd8+ Qxd8 20. Rd1 Qc7 21. c3 Nd5 22. g3 Qc6 23. a3 a5 24. h4 g6 25. Nd2 Kg7 26. Ne4 h6 27. Rd3 f5 28. Nc5 Qxc5 29. Qxe5+ Kf7 30. b4 axb4 31. axb4 Qc6 32. g4 fxg4 33. h5 Rg8 34. hxg6+ Rxg6 35. Qh8 Qe8 36. Qh7+ Rg7 37. Qxh6 Kg8 38. Qd2 Qg6 39. Rg3 Qb1+ 40. Kg2 Qe4+ 41. Kf1 Kf7 42. Qa2 Qc4+ 0-1

[Event "Vecindario Montalvo Memorial 14th"]
[Site "Vecindario"]
[Date "2022.09.10"]
[Round "8"]
[White "Matos Guedes, Silverio"]
[Black "Rivero Castellano, Carlos Jesus"]
[Result "0-1"]
[WhiteElo "1387"]
[BlackElo "1630"]
[PlyCount "96"]
[EventDate "2022.09.04"]
[EventType "swiss"]
[EventRounds "9"]
[EventCountry "ESP"]
[SourceTitle "CBM 210 Extra"]
[Source "ChessBase"]
[SourceDate "2022.11.30"]
[SourceVersion "1"]
[SourceVersionDate "2022.11.30"]
[SourceQuality "1"]

1. e4 g6 2. d4 Bg7 3. Nf3 d6 4. Bd3 e6 5. Qe2 Ne7 6. Nc3 Nd7 7. Bd2 a6 8. h4 h6 9. g4 b6 10. Qe3 Bb7 11. 0-0-0 c5 12. d5 Qc7 13. dxe6 fxe6 14. Rhe1 c4 15. Nd5 Bxd5 16. exd5 cxd3 17. Qxd3 Nc5 18. Qe2 e5 19. Be3 b5 20. Nd2 0-0-0 21. f4 Na4 22. Nb3 exf4 23. Bd4 Bxd4 24. Rxd4 Rd7 25. Qf1 g5 26. Ree4 Kb7 27. h5 Rc8 28. Qf2 Nc5 29. Nxc5+ Qxc5 30. Qd2 f3 31. a4 Rf8 32. Qf2 Nxd5 33. axb5 axb5 34. Qf1 Rc7 35. c4 Ne3 36. Qd3 f2 37. Qxe3 f1Q+ 38. Kc2 Qf2+ 39. Kd3 Rf3 40. Qxf3 Qxf3+ 41. Kc2 Qxd4 42. Rxd4 Rxc4+ 43. Rxc4 bxc4 44. Kb1 Kb6 45. Ka2 Kb5 46. b3 Kb4 47. bxc4 Qb3+ 48. Ka1 Ka3 0-1

[Event "Vecindario Montalvo Memorial 14th"]
[Site "Vecindario"]
[Date "2022.09.06"]
[Round "4"]
[White "Matos Guedes, Silverio"]
[Black "Sosa Suarez, Carla Cristina"]
[Result "0-1"]
[WhiteElo "1387"]
[BlackElo "2059"]
[PlyCount "74"]
[EventDate "2022.09.04"]
[EventType "swiss"]
[EventRounds "9"]
[EventCountry "ESP"]
[SourceTitle "CBM 210 Extra"]
[Source "ChessBase"]
[SourceDate "2022.11.30"]
[SourceVersion "1"]
[SourceVersionDate "2022.11.30"]
[SourceQuality "1"]

1. e4 e6 2. d4 d5 3. exd5 exd5 4. Nc3 c6 5. Bd3 Bd6 6. Nf3 Bg4 7. Qe2+ Ne7 8. h3 Bh5 9. g4 Bg6 10. Bg5 Bxd3 11. Qxd3 f6 12. Bh4 Qc7 13. 0-0-0 Nd7 14. Rhe1 0-0-0 15. Bg3 Ng6 16. Bxd6 Qxd6 17. Qf5 Nf4 18. g5 h5 19. Ne2 Ne6 20. gxf6 gxf6 21. Kb1 Rde8 22. Nc3 Qf4 23. Qd3 Ng5 24. Nxg5 fxg5 25. Qg6 Rxe1 26. Rxe1 Qxf2 27. Re8+ Kc7 28. a3 Rxe8 29. Qxe8 Qf1+ 30. Ka2 Qxh3 31. Qe7 Qg4 32. Qg7 h4 33. Na4 b6 34. Qh8 h3 35. Qa8 Qxd4 36. Qxa7+ Kd6 37. Nc3 h2 0-1

[Event "Vecindario Montalvo Memorial 14th"]
[Site "Vecindario"]
[Date "2022.09.04"]
[Round "1"]
[White "Camino Carrio, Nicanor"]
[Black "Matos Guedes, Silverio"]
[Result "1-0"]
[WhiteElo "1921"]
[BlackElo "1387"]
[PlyCount "55"]
[EventDate "2022.09.04"]
[EventType "swiss"]
[EventRounds "9"]
[EventCountry "ESP"]
[SourceTitle "CBM 210 Extra"]
[Source "ChessBase"]
[SourceDate "2022.11.30"]
[SourceVersion "1"]
[SourceVersionDate "2022.11.30"]
[SourceQuality "1"]

1. e4 e5 2. Nf3 Nc6 3. Bb5 Bc5 4. 0-0 d6 5. c3 Bd7 6. d4 exd4 7. cxd4 Bb6 8. Nc3 h6 9. e5 dxe5 10. dxe5 Nge7 11. Qe2 0-0 12. Bf4 a6 13. Bc4 Be6 14. Bg3 Nd4 15. Nxd4 Bxd4 16. Bxe6 fxe6 17. Qc4 Qd7 18. Rad1 c5 19. Ne2 b5 20. Qd3 Nf5 21. b4 Qc6 22. bxc5 Bxc5 23. Nc3 Qb6 24. Ne4 Be7 25. Nd6 Rad8 26. Qb3 Bg5 27. Qxe6+ Kh7 28. Qb3 1-0

[Event "Gran Canaria Cabildo Cup"]
[Site "Gran Canaria"]
[Date "2022.04.15"]
[Round "7"]
[White "Matos Guedes, Silverio"]
[Black "Garcia Cruz, Jose Manuel"]
[Result "1-0"]
[WhiteElo "1374"]
[BlackElo "1353"]
[PlyCount "93"]
[EventDate "2022.04.10"]
[EventType "swiss"]
[EventRounds "7"]
[EventCountry "ESP"]
[SourceTitle "CBM 207 Extra"]
[Source "ChessBase"]
[SourceDate "2022.05.31"]
[SourceVersion "1"]
[SourceVersionDate "2022.05.31"]
[SourceQuality "1"]

1. e4 d5 2. exd5 Qxd5 3. d4 Nf6 4. Nc3 Qd8 5. Bc4 Bf5 6. Nf3 e6 7. 0-0 Bb4 8. Bf4 Bxc3 9. bxc3 0-0 10. Bg5 c6 11. Bd3 Bxd3 12. cxd3 Nbd7 13. Ne5 h6 14. Nxd7 hxg5 15. Nxf8 Qxf8 16. Qb3 b6 17. a4 Qd6 18. a5 Ng4 19. g3 Rb8 20. axb6 axb6 21. Ra6 Qc7 22. Re1 g6 23. Rxe6 fxe6 24. Qxe6+ Kg7 25. Qxg4 Qe7 26. Qe4 Qxe4 27. dxe4 Kf6 28. f4 gxf4 29. gxf4 Ke6 30. Kg2 Kd6 31. c4 b5 32. e5+ Kc7 33. cxb5 Rxb5 34. Ra4 Rd5 35. h4 c5 36. dxc5 Rxc5 37. Ra6 Rc6 38. Rxc6+ Kxc6 39. Kg3 Kd7 40. Kg4 Ke6 41. Kg5 Kf7 42. h5 gxh5 43. Kxh5 Ke6 44. Kg6 Ke7 45. f5 Kf8 46. Kf6 Ke8 47. Kg7 1-0

[Event "Gran Canaria Cabildo Cup"]
[Site "Gran Canaria"]
[Date "2022.04.13"]
[Round "5"]
[White "Matos Guedes, Silverio"]
[Black "Vega Garcia, Jesus Manuel"]
[Result "1/2-1/2"]
[WhiteElo "1374"]
[BlackElo "1590"]
[PlyCount "120"]
[EventDate "2022.04.10"]
[EventType "swiss"]
[EventRounds "7"]
[EventCountry "ESP"]
[SourceTitle "CBM 207 Extra"]
[Source "ChessBase"]
[SourceDate "2022.05.31"]
[SourceVersion "1"]
[SourceVersionDate "2022.05.31"]
[SourceQuality "1"]

1. e4 c5 2. Nf3 g6 3. d4 cxd4 4. Nxd4 Nc6 5. Nxc6 bxc6 6. Nc3 Bg7 7. Bc4 Qa5 8. Bd2 Qb4 9. Bb3 Bxc3 10. Bxc3 Qxe4+ 11. Qe2 Qxe2+ 12. Kxe2 f6 13. Rhe1 e5 14. Kf1 Ba6+ 15. Kg1 Ne7 16. f4 d6 17. Rad1 Rd8 18. fxe5 fxe5 19. Ba5 Rd7 20. Be6 Rb7 21. Rxd6 Kf8 22. Rd8+ Kg7 23. Rxh8 Kxh8 24. Bc3 h5 25. Bxe5+ Kh7 26. Bf6 Ng8 27. Bc3 c5 28. Bxg8+ Kxg8 29. Re8+ Kf7 30. Rh8 Ke6 31. Rf8 Rf7 32. Rxf7 Kxf7 33. Kf2 Bb7 34. Ba5 c4 35. c3 Ke6 36. g3 Kf5 37. h4 Ke4 38. Ke2 Bc8 39. Bc7 Bg4+ 40. Kd2 Bd7 41. b3 Be6 42. b4 Bd7 43. Bf4 Ba4 44. Be3 a6 45. Bd4 Kf3 46. Be5 Ke4 47. Bf4 Bd7 48. Kc2 Kd5 49. Kb2 Kc6 50. a4 Kb6 51. Be3+ Kb7 52. a5 Kc6 53. Kc2 Kb5 54. Kd2 Bf5 55. Bd4 Bg4 56. Ke3 Bf5 57. Kf4 Bd3 58. g4 hxg4 59. Kxg4 Bc2 60. Kg5 Bd3 1/2-1/2

[Event "Gran Canaria Cabildo Cup"]
[Site "Gran Canaria"]
[Date "2022.04.10"]
[Round "1"]
[White "Matos Guedes, Silverio"]
[Black "Cruz Pino, Adrian"]
[Result "0-1"]
[WhiteElo "1374"]
[BlackElo "2054"]
[PlyCount "80"]
[EventDate "2022.04.10"]
[EventType "swiss"]
[EventRounds "7"]
[EventCountry "ESP"]
[SourceTitle "CBM 207 Extra"]
[Source "ChessBase"]
[SourceDate "2022.05.31"]
[SourceVersion "1"]
[SourceVersionDate "2022.05.31"]
[SourceQuality "1"]

1. e4 d6 2. d4 g6 3. Nf3 Bg7 4. Nc3 c6 5. Be3 b5 6. Bd3 Bb7 7. Qd2 a6 8. a3 Nd7 9. 0-0 Qc7 10. b4 Ngf6 11. h3 0-0 12. Bh6 e5 13. Bxg7 Kxg7 14. Ne2 exd4 15. Nexd4 c5 16. bxc5 dxc5 17. Ne6+ fxe6 18. Qe3 c4 19. Ng5 Rae8 20. Be2 h6 21. Nf3 Bxe4 22. Nd2 Bxc2 23. Rac1 Be4 24. Nxe4 Nxe4 25. Qxe4 Nc5 26. Qe3 e5 27. Rfd1 Ne6 28. Rd5 Nd4 29. Rxd4 exd4 30. Qxd4+ Qe5 31. Qxe5+ Rxe5 32. Kf1 a5 33. a4 Rc8 34. axb5 Rxb5 35. Ra1 Rb2 36. g3 c3 37. Bd3 c2 38. Bxc2 Rcxc2 39. Rxa5 Rxf2+ 40. Kg1 Ra2 0-1